000 00279nam a22001337a 4500
008 171104b xxu||||| |||| 00| 0 eng d
020 _a2900324364377
041 _aeng
080 _a339.138
100 _a61
101 _aSHTJ
245 _aRETAILING
_cDUNNE
942 _2udc
_cBK
999 _c37595
_d37595